Nennen Sie die 25 häufigsten Vögel in Deutschland - Statistiken

Allgemein
  • Dieses Quiz wurde 165 mal gespielt
  • Das Durchschnittsergebnis liegt bei 5 aus 25
Antwortstatistiken
Antwort % Korrekt
Amsel
93%
Blaumeise
70%
Kohlmeise
55%
Elster
49%
Buntspecht
44%
Buchfink
34%
Haussperling
29%
Grünfink
24%
Feldsperling
19%
Eichelhäher
16%
Kleiber
16%
Dohle
15%
Bachstelze
14%
Gimpel
14%
Mauersegler
11%
Gartenrotschwanz
8%
Goldammer
8%
Hausrotschwanz
6%
Fitis
4%
Gartenbaumläufer
1%
Girlitz
1%
Grauschnäpper
1%
Heckenbraunelle
1%
Gartengrasmücke
0%
Klappergrasmücke
0%
Keine übereinstimmenden Quizze gefunden
Verteilung der Resultate
Anzahl Personen mit jedem Resultat
Perzentil nach korrekt beantworteten Fragen
Ihre Resultats-Entwicklung
Sie haben dieses Quiz noch nicht gespielt